000 00812nam0a22002531 4500
001 rc\852978
005 20041129092720.3
035 _a(NLR Aleph) 006033391
090 _a7552023
_c7552023
100 _a20041129d1983 u |0rusy50 ca
101 0 _arus
102 _aRU
105 _ay |||||||||
200 1 _aТождества Эйнштейна и волновое уравнение
210 _aДубна
_cОИЯИ
_d1983
215 _a4 с.
_d21
225 1 _aПрепринт
_fОбъед. ин-т ядер. исслед.
_vР2-83-638
320 _aБиблиогр.: с. 3
700 1 _7ca
_8rus
_aПестов
_bА. Б.
_gАйвенг Борисович
_92710831
_3RU\NLR\AUTH\770294181
801 0 _aRU
_bNLR
_gpsbo
801 1 _aRU
_bELAR
_2rusmarc
852 _aNLR
_j84-6/954
942 _cBOOK
980 _aNB